Channel Islands (UK) - Statistics

General Stats
  • This quiz has been taken 61 times
  • The average score is 5 of 7
Answer Stats
Hint Answer % Correct
46.14 mi² Jersey
100%
23.94 mi² Guernsey
95%
3 mi² Alderney
69%
2.1 mi² Sark
69%
0.77 mi² Herm
56%
0.07 mi² Jethou
38%
0.12 mi² Brecqhou
31%
No matching quizzes found
Score Distribution
Percent of People with Each Score
Percentile by Number Answered
Your Score History
You have not taken this quiz